Refugees and the media: (Record no. 57764)

MARC details
000 -LEADER
fixed length control field 00603nam a22002057a 4500
001 - CONTROL NUMBER
control field 57764
005 - DATE AND TIME OF LATEST TRANSACTION
control field 20260421123645.0
008 - FIXED-LENGTH DATA ELEMENTS--GENERAL INFORMATION
fixed length control field 260416s2024 |||||||| |||| 00| 0 eng d
020 ## - INTERNATIONAL STANDARD BOOK NUMBER
ISBN 9783031468130
040 ## - CATALOGING SOURCE
Original cataloging agency BD-DhIUB
Transcribing agency BD-DhIUB
Modifying agency BD-DhIUB
082 ## - DEWEY DECIMAL CLASSIFICATION NUMBER
Edition number 22
Classification number 302.23
Item number R2599
245 ## - TITLE STATEMENT
Title Refugees and the media:
Remainder of title local and global perspectives /
Statement of responsibility, etc edited by Nasir Uddin, Delaware Arif
260 ## - PUBLICATION, DISTRIBUTION, ETC. (IMPRINT)
Place of publication, distribution, etc Switzerland:
Name of publisher, distributor, etc Springer Nature,
Date of publication, distribution, etc 2024
300 ## - PHYSICAL DESCRIPTION
Extent xxiii,354p;.
Dimensions 4cm
526 ## - STUDY PROGRAM INFORMATION NOTE
School name School of Law
Department Law
Shelving Location Law
541 ## - IMMEDIATE SOURCE OF ACQUISITION NOTE
Source of acquisition Risaam
650 #0 - SUBJECT ADDED ENTRY--TOPICAL TERM
Topical term or geographic name as entry element Refugees
9 (RLIN) 6559
650 #4 - SUBJECT ADDED ENTRY--TOPICAL TERM
Topical term or geographic name as entry element Mass Media
9 (RLIN) 9
942 ## - ADDED ENTRY ELEMENTS (KOHA)
Source of classification or shelving scheme Dewey Decimal Classification
Koha item type Books
Holdings
Withdrawn status Lost status Source of classification or shelving scheme Damaged status Not for loan Home library Current library Shelving location Date acquired Source of acquisition Cost, normal purchase price Serial Enumeration / chronology Total Checkouts Full call number Barcode Date last seen Copy number Cost, replacement price Price effective from Koha item type
    Dewey Decimal Classification   Not For Loan Library, Independent University, Bangladesh (IUB) Library, Independent University, Bangladesh (IUB) Law 07/04/2026 Purchase 11290.00 2024   302.23 R2599 029651 16/04/2026 01 22580.00 07/04/2026 Books